Name the states of the Iron Age - Statistics

General Stats
  • This quiz has been taken 47 times
  • The average score is 35 of 191
Answer Stats
Answer % Correct
Athens
100%
Ba
94%
New Kingdom of Egypt
94%
Sparta
94%
Third intermediate period of Egypt
94%
Achaemenid empire
91%
Assyria
88%
Israel
88%
Twelve Tribes of Israel
84%
United Monarchy of israel
84%
Carthage
78%
Kingdom of Rome
78%
Macedon
69%
Lydia
66%
Media
66%
Judah
63%
Lu
59%
Phoenicia
59%
Scythia
56%
Aramea
53%
Kingdom of Kush
53%
Edom
50%
Lycia
50%
Qi
50%
Corinth
47%
Hittite empire
47%
Phrygia
47%
Bactria
44%
Dacia
44%
Philistia
44%
Urartu
44%
Zhou
44%
Illyria
41%
Ammon
38%
Han
38%
Qin
38%
Shěn
38%
Chaldea
34%
Chen
34%
Ionia
34%
Neo-Babylonian
34%
Thracia
34%
Aram-damascus
31%
Tan
31%
Colchis
28%
Land of Punt
28%
Lukka
28%
Magan
28%
Sabaea
28%
Dilmun
25%
D'mt
25%
Elamite empire
25%
Epirus
25%
Ethiopia
25%
Qedar
25%
Sogdia
25%
Song
25%
Wu
25%
Arcadia
22%
Magna Graecia
22%
Mysia
22%
Sui
22%
Alashiya
19%
Paphlagonia
19%
Pi
19%
Shu
19%
Troas
19%
Cilicia
16%
Margiana
16%
Maurya empire
16%
Messapia
16%
Anshan
13%
Argolis
13%
Arzawa
13%
Bashan
13%
Cyrenaica
13%
Locria
13%
Nepa
13%
Boeotia
9%
Doris
9%
Liburnia
9%
Lucania
9%
Nok culture
9%
Persis
9%
Samnium
9%
Alba Longa
6%
Aria
6%
Arme-shupria
6%
Awsan
6%
Cao
6%
Drangiana
6%
Himalaya
6%
Jin
6%
Lacedaemon
6%
Lullibi
6%
Messenia
6%
Nairi
6%
Namar
6%
Sam'al
6%
Tabal
6%
Tartessos
6%
Xing
6%
Xu
6%
Zheng
6%
Zou
6%
Balhara
3%
Bit-Istar
3%
Cai
3%
Chu
3%
Deng
3%
Diauehi
3%
Eastern Guo
3%
Ellipi
3%
Gojoseon
3%
Guan
3%
Hadrhamaut
3%
Haram
3%
Jushi Kingdom
3%
Kuru
3%
Magadha
3%
Mannai
3%
Oscans
3%
Parsua
3%
Saparda
3%
Tuwanuwa
3%
Tyrrhenia
3%
Western Guo
3%
Wey
3%
Zabdicene
3%
Zikirti
3%
Anarta
0%
Anga
0%
Āryāvarta
0%
Asmaka
0%
Âu Lạc
0%
Avanti
0%
Chedi
0%
Chola
0%
Corduene
0%
Danda
0%
Dasarna
0%
Daunia
0%
Donghu
0%
Eturia
0%
Gumie
0%
Gurjara
0%
Haryanka
0%
Huang
0%
Kalinga
0%
Kamboja
0%
Kasmira
0%
Kekeya
0%
Kimpurusha
0%
Kirata
0%
Kỷ line
0%
Kosala
0%
Lanka
0%
Madra
0%
Malla
0%
Matsya
0%
Neo-Hitit
0%
Oenotria
0%
Padanian Eturia
0%
Panchala
0%
Pandya
0%
Parvata
0%
Pragjyotisha
0%
Pundra
0%
Quan
0%
Quanrong
0%
Quwê
0%
Sabinium
0%
Sattagydia
0%
Saurashtra
0%
Shakya
0%
Sindhu
0%
Suhma
0%
Sumpa
0%
Surasena
0%
Tarthuntassa
0%
Teng
0%
Trigarta
0%
Vajjika league
0%
Vanga
0%
Vatsa
0%
Vidarbha
0%
Virata
0%
Yaksha
0%
Yan
0%
Yãn lang
0%
No matching quizzes found
Score Distribution
Percent of People with Each Score
Percentile by Number Answered
Your Score History
You have not taken this quiz